BSC - nástroj zlepšovania výkonnosti v DECOM Slovakia, spol.s r.o., Trnava
Vymedzenie pojmu Balanced Scorecard (BSC). Základ úspešného uplatňovania BSC. Význam merania výkonnosti procesov. Pojem meranie výkonnosti procesov. Základné požiadavky na efektívne meranie výkonnosti procesov. Možnosti aplikácie BSC v DECOM Slovakia. Analýza súčasného stavu procesov vo väzbe k impl...
Na minha lista:
| Autor principal: | |
|---|---|
| Outros Autores: | |
| Formato: | Capítulo de Livro |
| Idioma: | eslovaco |
| Assuntos: | |
| Tags: |
Sem tags, seja o primeiro a adicionar uma tag!
|
MARC
| LEADER | 00000naa$a2200000$$$4500 | ||
|---|---|---|---|
| 001 | 0047823 | ||
| 005 | 20231011135129.3 | ||
| 041 | 0 | |a slo | |
| 044 | |a SK | ||
| 245 | 1 | 0 | |a BSC - nástroj zlepšovania výkonnosti v DECOM Slovakia, spol.s r.o., Trnava |c Yulia Šurinová, Iveta Paulová |
| 520 | |a Vymedzenie pojmu Balanced Scorecard (BSC). Základ úspešného uplatňovania BSC. Význam merania výkonnosti procesov. Pojem meranie výkonnosti procesov. Základné požiadavky na efektívne meranie výkonnosti procesov. Možnosti aplikácie BSC v DECOM Slovakia. Analýza súčasného stavu procesov vo väzbe k implementácii BSC. Popis jednotlivých ukazovateľov výkonnosti. Výpočet indexu výkonnosti. Výkonnosť v rámci perspektív pred a po uplatnení BCS. | ||
| 610 | 2 | 0 | |a metóda BSC |
| 610 | 2 | 0 | |a výkonnosť |
| 610 | 2 | 0 | |a riadenie strategické |
| 610 | 2 | 0 | |a meranie produktivity |
| 610 | 2 | 0 | |a manažéri |
| 610 | 2 | 0 | |a procesy podnikové |
| 610 | 2 | 0 | |a ukazovatele efektívnosti |
| 610 | 2 | 0 | |a indexy hodnotové |
| 100 | 1 | |a Šurinová, Yulia | |
| 700 | 1 | |a Paulová, Iveta | |